| 000 | 00597nam a22002057a 4500 | ||
|---|---|---|---|
| 999 |
_c13624 _d13624 |
||
| 003 | PK-NaQUE | ||
| 005 | 20260416113350.0 | ||
| 008 | 260416b ||||| |||| 00| 0 eng d | ||
| 020 | _a040801346X | ||
| 040 | _cQUEST | ||
| 082 | _a621.3COO | ||
| 100 | _aCooper, W. Fordham | ||
| 245 | _aElectrical Safety Engineering | ||
| 260 |
_aLondon: _bLongman, _c1986. |
||
| 300 | _a633p. ; | ||
| 650 | _aElectrical engineering--Safety measures | ||
| 650 | _aElectrical engineering--Safety regulations | ||
| 856 |
_uhttp://10.10.170.122:8080/browse/book/23961 _yDownload eBook |
||
| 942 |
_cBK _2ddc |
||